[Event "1. Bundesliga 2019/2020"]
[Site "Blumenhalle, St. Veit/Glan"]
[Date "2020.01.12"]
[Round "8"]
[Board "6"]
[White "Ennsberger, Ulrich"]
[Black "Steindl, Johannes"]
[Result "1-0"]
[WhiteElo "2251"]
[BlackElo "2316"]
[PlyCount "63"]
[EventDate "2019.10.10"]
[EventType "team"]
[EventRounds "11"]
[EventCountry "AUT"]
[WhiteTeam "Union Ansfelden"]
[BlackTeam "mpimmo Wien - SK Ottakring"]

1.c4 g6 2.Nc3 Bg7 3.g3 Nf6 4.Bg2 O-O 5.Nf3 Nc6 6.O-O d5 7.cxd5 Nxd5 8.d4 e5 9.Nxd5
e4 10.Ng5 Qxd5 11.Nxe4 Qxd4 12.Nc3 Be6 13.Qxd4 Nxd4 14.Bf4 c6 15.e3 Nf5 16.Rac1 Rfd8
17.b3 Ne7 18.e4 Rac8 19.Na4 b6 20.Rfd1 c5 21.Bf1 Bg4 22.Re1 Rd4 23.h3 Bf3 24.Re3 Bxe4
25.f3 Bc6 26.Rxe7 Bxa4 27.bxa4 Rxa4 28.Bc4 Rf8 29.Rb7 Bd4+ 30.Kf1 Kg7 31.Bd6 Re8 32.Bxf7 1-0

[Event "1. Bundesliga 2019/2020"]
[Site "Blumenhalle, St. Veit/Glan"]
[Date "2020.01.12"]
[Round "8"]
[Board "1"]
[White "Ragger, Markus"]
[Black "Movsesian, Sergei"]
[Result "1/2-1/2"]
[WhiteElo "2675"]
[BlackElo "2649"]
[PlyCount "62"]
[EventDate "2019.10.10"]
[EventType "team"]
[EventRounds "11"]
[EventCountry "AUT"]
[WhiteTeam "SC MPOE Maria Saal"]
[BlackTeam "SK Sparkasse Bad Voeslau"]

1.e4 Nf6 2.e5 Nd5 3.d4 d6 4.Nf3 dxe5 5.Nxe5 c6 6.Be2 Bf5 7.O-O Nd7 8.Nf3 e6 9.c4 N5f6
10.Nc3 Bd6 11.Nh4 Bg6 12.g3 O-O 13.Nxg6 hxg6 14.Bf3 Re8 15.Bg2 Qc7 16.Be3 e5 17.c5
Bf8 18.b4 exd4 19.Bxd4 Rad8 20.Qb3 Ne5 21.Rad1 Rd7 22.Be3 Red8 23.Rxd7 Rxd7 24.Rd1
Qc8 25.Bf4 Rxd1+ 26.Nxd1 Ned7 27.Nb2 a5 28.a3 axb4 29.axb4 b6 30.cxb6 Nxb6 31.b5 cxb5 1/2-1/2

[Event "1. Bundesliga 2019/2020"]
[Site "Blumenhalle, St. Veit/Glan"]
[Date "2020.01.12"]
[Round "8"]
[Board "2"]
[White "Jovanovic, Dusan"]
[Black "Predojevic, Borki"]
[Result "0-1"]
[WhiteElo "2412"]
[BlackElo "2604"]
[PlyCount "102"]
[EventDate "2019.10.10"]
[EventType "team"]
[EventRounds "11"]
[EventCountry "AUT"]
[WhiteTeam "SK Sparkasse Bad Voeslau"]
[BlackTeam "SC MPOE Maria Saal"]

1.Nf3 g6 2.c4 Bg7 3.Nc3 c5 4.g3 Nc6 5.Bg2 e6 6.O-O Nge7 7.a3 O-O 8.Rb1 b6 9.b4 d6
10.Qb3 d5 11.d3 Nd4 12.Nxd4 cxd4 13.Na4 Bb7 14.c5 b5 15.Nb2 Qd7 16.Bd2 Bc6 17.Ra1
h6 18.a4 a6 19.Ra3 e5 20.Rfa1 Kh7 21.R1a2 f5 22.axb5 axb5 23.Rxa8 Rxa8 24.Rxa8 Bxa8
25.Qa3 Bc6 26.Nd1 g5 27.f3 e4 28.Be1 e3 29.Qa5 Bf6 30.Nb2 Nc8 31.Nd1 Qa7 32.Qxa7+
Nxa7 33.h4 Kg6 34.hxg5 hxg5 35.Bh3 Be5 36.Kf1 Nc8 37.Kg1 Ne7 38.Nb2 Bc7 39.Kh2 Ng8
40.Kg1 Nf6 41.Nd1 Ne8 42.Nb2 Kf6 43.Nd1 Ng7 44.Bf1 Nh5 45.Kh2 Be5 46.Nb2 f4 47.gxf4
Bxf4+ 48.Kg2 Bd7 49.Kg1 Ke5 50.Bg2 Bg3 51.Kf1 Bh4 0-1

[Event "1. Bundesliga 2019/2020"]
[Site "Blumenhalle, St. Veit/Glan"]
[Date "2020.01.12"]
[Round "8"]
[Board "3"]
[White "Handler, Lukas"]
[Black "Juhasz, Kristof"]
[Result "0-1"]
[WhiteElo "2420"]
[BlackElo "2472"]
[PlyCount "52"]
[EventDate "2019.10.10"]
[EventType "team"]
[EventRounds "11"]
[EventCountry "AUT"]
[WhiteTeam "SC MPOE Maria Saal"]
[BlackTeam "SK Sparkasse Bad Voeslau"]

1.d4 Nf6 2.c4 g6 3.Nc3 d5 4.Nf3 Bg7 5.h4 c6 6.Bg5 dxc4 7.e4 h6 8.Bxf6 exf6 9.h5 g5
10.Bxc4 O-O 11.Qd3 a5 12.Ne2 Na6 13.a3 f5 14.exf5 b5 15.Ba2 c5 16.Qxb5 Rb8 17.Qc4
Rxb2 18.O-O cxd4 19.Nexd4 g4 20.Nc6 Qf6 21.Nfe5 Nb8 22.Nxb8 Qxe5 23.Nc6 Qf6 24.Rae1
Bb7 25.Ne5 g3 26.Nd7 Qxf5 0-1

[Event "1. Bundesliga 2019/2020"]
[Site "Blumenhalle, St. Veit/Glan"]
[Date "2020.01.12"]
[Round "8"]
[Board "4"]
[White "Juhasz, Armin"]
[Black "Buhmann, Rainer"]
[Result "0-1"]
[WhiteElo "2373"]
[BlackElo "2581"]
[PlyCount "102"]
[EventDate "2019.10.10"]
[EventType "team"]
[EventRounds "11"]
[EventCountry "AUT"]
[WhiteTeam "SK Sparkasse Bad Voeslau"]
[BlackTeam "SC MPOE Maria Saal"]

1.Nf3 Nf6 2.c4 e6 3.d4 Bb4+ 4.Bd2 Be7 5.Nc3 d5 6.Bg5 h6 7.Bh4 O-O 8.e3 b6 9.Rc1 Bb7
10.cxd5 Nxd5 11.Bxe7 Qxe7 12.Bd3 Rd8 13.Nxd5 Bxd5 14.O-O c5 15.dxc5 Nd7 16.Bc4 Nxc5
17.Bxd5 Rxd5 18.Nd4 Qd7 19.b4 e5 20.Qf3 exd4 21.bxc5 bxc5 22.exd4 cxd4 23.Rfd1 Re8
24.Rd3 Rf5 25.Rxd4 Rc5 26.Rdd1 Rxc1 27.Rxc1 Qd2 28.Qd1 Qxa2 29.Ra1 Qe2 30.Qc1 a5 31.h3
Qb5 32.Rb1 Qd5 33.Qf4 Re4 34.Qb8+ Kh7 35.Rb5 Qd2 36.Rb2 Qe1+ 37.Kh2 Rb4 38.Rxb4 axb4
39.Qf4 Kg8 40.Qb8+ Kh7 41.Qf4 Qe7 42.Qf5+ g6 43.Qb5 Qc7+ 44.g3 Qc3 45.Kg2 b3 46.h4
h5 47.Qb7 Kg7 48.Qb5 b2 49.Qb6 Qc2 50.Qd4+ Kh7 51.Qf6 Qb3 0-1

[Event "1. Bundesliga 2019/2020"]
[Site "Blumenhalle, St. Veit/Glan"]
[Date "2020.01.12"]
[Round "8"]
[Board "5"]
[White "Halvax, Georg"]
[Black "Plachetka, Jan"]
[Result "1-0"]
[WhiteElo "2415"]
[BlackElo "2313"]
[PlyCount "69"]
[EventDate "2019.10.10"]
[EventType "team"]
[EventRounds "11"]
[EventCountry "AUT"]
[WhiteTeam "SC MPOE Maria Saal"]
[BlackTeam "SK Sparkasse Bad Voeslau"]

1.e4 c5 2.Nf3 e6 3.d4 cxd4 4.Nxd4 Nc6 5.Nc3 d6 6.Be3 Nf6 7.f3 a6 8.Qd2 Be7 9.O-O-O
h5 10.Kb1 Qc7 11.Qf2 Ne5 12.Nb3 b5 13.h3 Bd7 14.f4 Ng6 15.Bd3 b4 16.Ne2 Bc6 17.Bb6
Qb8 18.e5 Nd5 19.Bd4 a5 20.Bxg6 fxg6 21.exd6 Bxd6 22.Bxg7 Rg8 23.Be5 Bxe5 24.fxe5
Qa7 25.Nbd4 Bd7 26.Rhf1 O-O-O 27.Qg3 a4 28.c4 bxc3 29.Nxc3 Nxc3+ 30.Qxc3+ Kb8 31.Nc6+
Bxc6 32.Qxc6 a3 33.Rd6 Qb7 34.Qxb7+ Kxb7 35.Rf7+ 1-0

[Event "1. Bundesliga 2019/2020"]
[Site "Blumenhalle, St. Veit/Glan"]
[Date "2020.01.12"]
[Round "8"]
[Board "6"]
[White "Juhasz, Agoston"]
[Black "Rieger, Robert"]
[Result "1-0"]
[WhiteElo "2191"]
[BlackElo "2306"]
[PlyCount "61"]
[EventDate "2019.10.10"]
[EventType "team"]
[EventRounds "11"]
[EventCountry "AUT"]
[WhiteTeam "SK Sparkasse Bad Voeslau"]
[BlackTeam "SC MPOE Maria Saal"]

1.e4 c5 2.Nf3 Nc6 3.d4 cxd4 4.Nxd4 e5 5.Nb5 d6 6.N1c3 a6 7.Na3 Be6 8.Nc4 Rb8 9.Nd5
b5 10.Nce3 Nf6 11.Nxf6+ Qxf6 12.Be2 Be7 13.O-O O-O 14.c3 Rfc8 15.a4 Bf8 16.Nd5 Qd8
17.Be3 Na5 18.axb5 axb5 19.Nb6 Rxb6 20.Rxa5 Rbc6 21.Rxb5 Ra8 22.Qd2 Rca6 23.Rxe5 Ra1
24.Rb5 Qc8 25.b3 R8a2 26.Qd3 Qa6 27.c4 Qa3 28.Bd4 Rxf1+ 29.Bxf1 Qc1 30.Rb8 Rd2 31.Qc3 1-0

[Event "1. Bundesliga 2019/2020"]
[Site "Blumenhalle, St. Veit/Glan"]
[Date "2020.01.12"]
[Round "8"]
[Board "1"]
[White "Abasov, Nijat Azad"]
[Black "Bosiocic, Marin"]
[Result "1/2-1/2"]
[WhiteElo "2664"]
[BlackElo "2625"]
[PlyCount "68"]
[EventDate "2019.10.10"]
[EventType "team"]
[EventRounds "11"]
[EventCountry "AUT"]
[WhiteTeam "SV Raika Rapid Feffernitz"]
[BlackTeam "SV Pillenkoenig St. Veit"]

1.d4 Nf6 2.c4 e6 3.Nf3 d5 4.Nc3 Bb4 5.Qa4+ Nc6 6.e3 O-O 7.Bd2 Bd7 8.Qc2 Re8 9.a3 Bd6
10.Rd1 h6 11.c5 Bf8 12.Bb5 b6 13.b4 a6 14.Bxc6 Bxc6 15.Ne5 Bb5 16.Bc1 bxc5 17.Nxb5
axb5 18.dxc5 Nd7 19.Nf3 c6 20.e4 f5 21.exf5 exf5+ 22.Kf1 g6 23.g3 Bg7 24.Kg2 Ne5 25.Nxe5
Rxe5 26.Bb2 Re4 27.f3 Re6 28.Rhe1 Qe7 29.Rxe6 Qxe6 30.Bxg7 Kxg7 31.Rd2 Qf6 32.Qd3
Ra7 33.Re2 f4 34.gxf4 Rf7 1/2-1/2

[Event "1. Bundesliga 2019/2020"]
[Site "Blumenhalle, St. Veit/Glan"]
[Date "2020.01.12"]
[Round "8"]
[Board "2"]
[White "Brkic, Ante"]
[Black "Skoberne, Jure"]
[Result "1-0"]
[WhiteElo "2595"]
[BlackElo "2561"]
[PlyCount "63"]
[EventDate "2019.10.10"]
[EventType "team"]
[EventRounds "11"]
[EventCountry "AUT"]
[WhiteTeam "SV Pillenkoenig St. Veit"]
[BlackTeam "SV Raika Rapid Feffernitz"]

1.e4 e6 2.d4 d5 3.Nc3 Nf6 4.Bg5 dxe4 5.Nxe4 Be7 6.Bxf6 gxf6 7.Qd2 f5 8.Nc3 a6 9.g3
Qd6 10.Bg2 Nd7 11.O-O-O Rb8 12.f4 b5 13.Nf3 b4 14.Na4 Bb7 15.Ne5 Nxe5 16.Bxb7 Rxb7
17.fxe5 Qd5 18.Kb1 Rg8 19.Qe3 Rb5 20.b3 Qg2 21.Rhg1 Qxh2 22.Nc5 Bxc5 23.dxc5 Rg6 24.Qd4
Kf8 25.Rh1 Qg2 26.Qh4 h6 27.Rd7 Kg7 28.Qe7 Qxh1+ 29.Kb2 h5 30.Rd8 Kh7 31.Rf8 Rg7 32.Qd8 1-0

[Event "1. Bundesliga 2019/2020"]
[Site "Blumenhalle, St. Veit/Glan"]
[Date "2020.01.12"]
[Round "8"]
[Board "3"]
[White "Danin, Alexandre"]
[Black "Saric, Ante"]
[Result "1/2-1/2"]
[WhiteElo "2525"]
[BlackElo "2541"]
[PlyCount "51"]
[EventDate "2019.10.10"]
[EventType "team"]
[EventRounds "11"]
[EventCountry "AUT"]
[WhiteTeam "SV Raika Rapid Feffernitz"]
[BlackTeam "SV Pillenkoenig St. Veit"]

1.e4 c5 2.Nf3 e6 3.d4 cxd4 4.Nxd4 Nc6 5.Nc3 Qc7 6.Be2 a6 7.O-O Nf6 8.Be3 Bb4 9.Na4
O-O 10.Nxc6 bxc6 11.Nb6 Rb8 12.Nxc8 Rfxc8 13.Bxa6 Rf8 14.Bd3 Bd6 15.f4 e5 16.f5 Rxb2
17.g4 h6 18.h4 Nd5 19.exd5 e4 20.Be2 Bc5 21.Bxc5 Qg3+ 22.Kh1 Qh3+ 23.Kg1 Qg3+ 24.Kh1
Qh3+ 25.Kg1 Qg3+ 26.Kh1 1/2-1/2

[Event "1. Bundesliga 2019/2020"]
[Site "Blumenhalle, St. Veit/Glan"]
[Date "2020.01.12"]
[Round "8"]
[Board "4"]
[White "Kuljasevic, Davorin"]
[Black "Schreiner, Peter"]
[Result "1-0"]
[WhiteElo "2562"]
[BlackElo "2440"]
[PlyCount "53"]
[EventDate "2019.10.10"]
[EventType "team"]
[EventRounds "11"]
[EventCountry "AUT"]
[WhiteTeam "SV Pillenkoenig St. Veit"]
[BlackTeam "SV Raika Rapid Feffernitz"]

1.Nf3 Nf6 2.c4 c5 3.Nc3 Nc6 4.e3 e6 5.d4 d5 6.cxd5 Nxd5 7.Bd3 Be7 8.O-O cxd4 9.exd4
O-O 10.a3 Nf6 11.Bc2 b6 12.Qd3 Bb7 13.Re1 g6 14.Bh6 Re8 15.Bb3 Na5 16.Ba2 Nd5 17.Ne5
Bf8 18.Qh3 Bxh6 19.Qxh6 Nf6 20.Re3 Nc6 21.Rd1 Qe7 22.Nxg6 hxg6 23.Rh3 Nh5 24.Ne4 Nxd4
25.Rxh5 gxh5 26.Nf6+ Qxf6 27.Qxf6 1-0

[Event "1. Bundesliga 2019/2020"]
[Site "Blumenhalle, St. Veit/Glan"]
[Date "2020.01.12"]
[Round "8"]
[Board "5"]
[White "Diermair, Andreas"]
[Black "Ceschia, Ivano"]
[Result "1-0"]
[WhiteElo "2477"]
[BlackElo "2259"]
[PlyCount "95"]
[EventDate "2019.10.10"]
[EventType "team"]
[EventRounds "11"]
[EventCountry "AUT"]
[WhiteTeam "SV Raika Rapid Feffernitz"]
[BlackTeam "SV Pillenkoenig St. Veit"]

1.d4 Nf6 2.c4 e6 3.Nc3 d5 4.cxd5 exd5 5.Bg5 Be7 6.e3 c6 7.Bd3 O-O 8.Qc2 Nbd7 9.Nf3
Re8 10.h3 Nf8 11.O-O Nh5 12.Bxe7 Qxe7 13.Rab1 g6 14.b4 Be6 15.Na4 Nd7 16.Nc5 Nxc5
17.bxc5 Rad8 18.Qa4 a6 19.Qc2 Bc8 20.Rfe1 Ng7 21.Rb3 Ne6 22.Kh1 Kg7 23.Rbb1 Ng5 24.Qd1
h6 25.Ne5 Ne6 26.f4 Nf8 27.Qc2 g5 28.Qf2 f6 29.Nf3 Qc7 30.Nh2 Ng6 31.f5 Nh8 32.Nf1
h5 33.Qf3 Kh6 34.Ng3 h4 35.Nf1 Rg8 36.e4 dxe4 37.Rxe4 Rde8 38.Rbe1 Rxe4 39.Rxe4 Nf7
40.Ne3 Qd8 41.Bc4 Rf8 42.Be2 Kg7 43.Qh5 Rh8 44.Qg6+ Kf8 45.Bc4 Qd7 46.Ng4 Rg8 47.Qxg8+
Kxg8 48.Nxf6+ 1-0

[Event "1. Bundesliga 2019/2020"]
[Site "Blumenhalle, St. Veit/Glan"]
[Date "2020.01.12"]
[Round "8"]
[Board "6"]
[White "Riemelmoser, Franz"]
[Black "Sebenik, Matej"]
[Result "0-1"]
[WhiteElo "2235"]
[BlackElo "2498"]
[PlyCount "154"]
[EventDate "2019.10.10"]
[EventType "team"]
[EventRounds "11"]
[EventCountry "AUT"]
[WhiteTeam "SV Pillenkoenig St. Veit"]
[BlackTeam "SV Raika Rapid Feffernitz"]

1.c4 e6 2.Nc3 Nf6 3.e4 d5 4.e5 d4 5.exf6 dxc3 6.bxc3 Qxf6 7.Nf3 b6 8.d4 Bb7 9.Bd3
h6 10.Qe2 Bd6 11.Be4 Bxe4 12.Qxe4 c6 13.a4 Qf5 14.Qxf5 exf5 15.a5 b5 16.Ba3 Bxa3 17.Rxa3
Nd7 18.d5 bxc4 19.dxc6 Nc5 20.O-O Rc8 21.Nd4 Ne6 22.Re1 O-O 23.Nxf5 Kh7 24.Re4 Rxc6
25.Ne3 Rb8 26.Ra1 Rb3 27.Rxc4 Rxc4 28.Nxc4 Rxc3 29.Nd6 Rc7 30.a6 Rd7 31.Nc4 Rc7 32.Nd6
Rd7 33.Nc4 Rd4 34.Ne5 Nd8 35.Kf1 f6 36.Nf3 Rd6 37.Ne1 Ne6 38.Nc2 Rb6 39.Ra5 Rb2 40.Na3
Nc7 41.Rc5 Nxa6 42.Ra5 Nb4 43.Rxa7 Nd3 44.Rd7 Ne5 45.Rc7 Rd2 46.Rc2 Rd1+ 47.Ke2 Rh1
48.h3 Rg1 49.g3 Rh1 50.h4 Ng4 51.Nc4 Nxf2 52.Kf3 Nd3 53.Rd2 Nc5 54.Rd5 Ne6 55.Rd6
Nf8 56.Ne3 Ng6 57.Kg2 Re1 58.Kf2 Ra1 59.h5 Ne5 60.Rd2 Rh1 61.g4 Rh2+ 62.Ng2 Nxg4+
63.Kg3 f5 64.Rd7 Rxh5 65.Nf4 Nf6 66.Ra7 Rg5+ 67.Kf3 h5 68.Ra5 h4 69.Ne6 Rg3+ 70.Kf4
g6 71.Ra7+ Kh6 72.Ra8 Nh5+ 73.Ke5 Re3+ 74.Kd6 Nf6 75.Rh8+ Nh7 76.Ke7 h3 77.Kf7 Rxe6 0-1

[Event "1. Bundesliga 2019/2020"]
[Site "Blumenhalle, St. Veit/Glan"]
[Date "2020.01.12"]
[Round "8"]
[Board "1"]
[White "Michalik, Peter"]
[Black "Nisipeanu, Liviu-Dieter"]
[Result "1/2-1/2"]
[WhiteElo "2585"]
[BlackElo "2655"]
[PlyCount "60"]
[EventDate "2019.10.10"]
[EventType "team"]
[EventRounds "11"]
[EventCountry "AUT"]
[WhiteTeam "Mayrhofen/SK Zell Zillertal"]
[BlackTeam "SK Sparkasse Jenbach"]

1.e4 c6 2.Nf3 d5 3.d3 g6 4.Nbd2 Bg7 5.d4 dxe4 6.Nxe4 Nf6 7.Nxf6+ Bxf6 8.Bc4 Bg4 9.c3
Nd7 10.O-O O-O 11.Bh6 Bg7 12.Bxg7 Kxg7 13.Re1 e6 14.Be2 Bxf3 15.Bxf3 Qc7 16.Re3 Rad8
17.Qe2 Nf6 18.g3 Rd6 19.Re1 Rfd8 20.Qc4 a5 21.h4 h6 22.a3 Rc8 23.b4 axb4 24.axb4 Ra8
25.R3e2 Ra3 26.Rc1 b5 27.Qd3 Nd5 28.Bxd5 Rxd5 29.Qc2 Qa7 30.Rb1 Qa4 1/2-1/2

[Event "1. Bundesliga 2019/2020"]
[Site "Blumenhalle, St. Veit/Glan"]
[Date "2020.01.12"]
[Round "8"]
[Board "2"]
[White "Bluebaum, Matthias"]
[Black "Votava, Jan"]
[Result "1-0"]
[WhiteElo "2646"]
[BlackElo "2501"]
[PlyCount "57"]
[EventDate "2019.10.10"]
[EventType "team"]
[EventRounds "11"]
[EventCountry "AUT"]
[WhiteTeam "SK Sparkasse Jenbach"]
[BlackTeam "Mayrhofen/SK Zell Zillertal"]

1.d4 Nf6 2.c4 g6 3.Nc3 d5 4.cxd5 Nxd5 5.e4 Nxc3 6.bxc3 Bg7 7.Bc4 c5 8.Ne2 Nc6 9.Be3
O-O 10.O-O cxd4 11.cxd4 Na5 12.Bd3 b6 13.e5 e6 14.Qd2 Bb7 15.h4 f6 16.exf6 Rxf6 17.Ng3
Rf7 18.h5 gxh5 19.Qe2 h4 20.Ne4 Bxd4 21.Rad1 Bxe3 22.fxe3 Rg7 23.Nf6+ Kh8 24.Bxh7
Qc7 25.Bg6 Qe5 26.Rf5 Qxf5 27.Bxf5 Rxg2+ 28.Qxg2 Bxg2 29.Rd7 1-0

[Event "1. Bundesliga 2019/2020"]
[Site "Blumenhalle, St. Veit/Glan"]
[Date "2020.01.12"]
[Round "8"]
[Board "3"]
[White "Lanka, Zigurds"]
[Black "Svane, Rasmus"]
[Result "0-1"]
[WhiteElo "2387"]
[BlackElo "2613"]
[PlyCount "78"]
[EventDate "2019.10.10"]
[EventType "team"]
[EventRounds "11"]
[EventCountry "AUT"]
[WhiteTeam "Mayrhofen/SK Zell Zillertal"]
[BlackTeam "SK Sparkasse Jenbach"]

1.Nf3 d5 2.g3 g6 3.Bg2 Bg7 4.O-O e5 5.c4 c6 6.d3 Ne7 7.e4 O-O 8.Qe2 dxc4 9.dxc4 Na6
10.Be3 Be6 11.Nc3 Qc8 12.Rfc1 Nc7 13.Nd2 Qd7 14.Nb3 Na6 15.Rd1 Qc7 16.Rdc1 Rfd8 17.f3
Rd7 18.Bf1 Nc8 19.Qf2 Qd8 20.Rd1 Nb6 21.Rxd7 Qxd7 22.Nd2 Nb4 23.c5 Nc2 24.Rd1 Nxe3
25.Qxe3 Qd4 26.Qxd4 exd4 27.Ne2 Na4 28.b4 a5 29.Nf4 Nc3 30.Ra1 d3 31.Re1 axb4 32.Bxd3
Bxa2 33.e5 Rd8 34.Nc4 g5 35.Nd6 gxf4 36.gxf4 Bh6 37.f5 Bd2 38.e6 Bxe1 39.e7 Bh4 0-1

[Event "1. Bundesliga 2019/2020"]
[Site "Blumenhalle, St. Veit/Glan"]
[Date "2020.01.12"]
[Round "8"]
[Board "4"]
[White "Wagner, Dennis"]
[Black "Platzgummer, Fabian"]
[Result "1-0"]
[WhiteElo "2581"]
[BlackElo "2336"]
[PlyCount "73"]
[EventDate "2019.10.10"]
[EventType "team"]
[EventRounds "11"]
[EventCountry "AUT"]
[WhiteTeam "SK Sparkasse Jenbach"]
[BlackTeam "Mayrhofen/SK Zell Zillertal"]

1.d4 d5 2.c4 c6 3.Nf3 Nf6 4.Nc3 dxc4 5.a4 Na6 6.e4 Bg4 7.Bxc4 Bxf3 8.gxf3 Nb4 9.Be3
e6 10.O-O a5 11.Kh1 g6 12.d5 e5 13.f4 exf4 14.Bxf4 Bg7 15.dxc6 bxc6 16.Qf3 O-O 17.Rad1
Qc8 18.Bd6 Re8 19.Rg1 Ra7 20.Rg5 Rd8 21.e5 Nfd5 22.Ne4 Qe6 23.Qg3 h6 24.Nc5 Qc8 25.Rg4
Qf5 26.Re4 Re8 27.Bf1 Bf8 28.Bh3 Qh5 29.Bg4 Qg5 30.f4 Qd8 31.Bxf8 Kxf8 32.f5 Qe7 33.Qf2
Kg8 34.f6 Qc7 35.Nd7 Kh7 36.Bf5 Rd8 37.Rh4 1-0

[Event "1. Bundesliga 2019/2020"]
[Site "Blumenhalle, St. Veit/Glan"]
[Date "2020.01.12"]
[Round "8"]
[Board "5"]
[White "Tabernig, Bernhard"]
[Black "Acs, Peter"]
[Result "1/2-1/2"]
[WhiteElo "2282"]
[BlackElo "2566"]
[PlyCount "78"]
[EventDate "2019.10.10"]
[EventType "team"]
[EventRounds "11"]
[EventCountry "AUT"]
[WhiteTeam "Mayrhofen/SK Zell Zillertal"]
[BlackTeam "SK Sparkasse Jenbach"]

1.d4 Nf6 2.c4 e6 3.Nc3 Bb4 4.f3 d5 5.a3 Bxc3+ 6.bxc3 O-O 7.e3 c5 8.cxd5 exd5 9.Bd3
Re8 10.Ne2 b6 11.O-O Ba6 12.Bxa6 Nxa6 13.Ng3 Nc7 14.Ra2 Re6 15.Re2 Qe8 16.Rfe1 Nb5
17.Qd3 Rd8 18.Bb2 cxd4 19.cxd4 Qd7 20.Rd1 Nd6 21.e4 Qb5 22.Qxb5 Nxb5 23.e5 Ne8 24.a4
Nbc7 25.Rc2 g6 26.Rdc1 Re7 27.Ba3 Red7 28.Kf2 Ne6 29.Ke3 N8g7 30.f4 h6 31.Ne2 Nf5+
32.Kd3 h5 33.g3 Kg7 34.Rc8 Kh6 35.Rxd8 Rxd8 36.Rc6 Kg7 37.Bb4 Rb8 38.Rc2 Rd8 39.Ba3
Rb8 1/2-1/2

[Event "1. Bundesliga 2019/2020"]
[Site "Blumenhalle, St. Veit/Glan"]
[Date "2020.01.12"]
[Round "8"]
[Board "6"]
[White "Engel, Luis"]
[Black "Schiestl, Josef"]
[Result "1/2-1/2"]
[WhiteElo "2536"]
[BlackElo "2117"]
[PlyCount "42"]
[EventDate "2019.10.10"]
[EventType "team"]
[EventRounds "11"]
[EventCountry "AUT"]
[WhiteTeam "SK Sparkasse Jenbach"]
[BlackTeam "Mayrhofen/SK Zell Zillertal"]

1.e4 c5 2.Nf3 e6 3.d4 cxd4 4.Nxd4 a6 5.Bd3 Bc5 6.Nb3 Ba7 7.O-O Nc6 8.Qg4 Nf6 9.Qxg7
Rg8 10.Qh6 d6 11.Bg5 Rg6 12.Qh4 Ne5 13.N1d2 h6 14.Bf4 Nxd3 15.cxd3 Rg4 16.Qxh6 Rg6
17.Qh8+ Rg8 18.Qh4 Rg4 19.Qh8+ Rg8 20.Qh4 Rg4 21.Qh8+ Rg8 1/2-1/2

[Event "1. Bundesliga 2019/2020"]
[Site "Blumenhalle, St. Veit/Glan"]
[Date "2020.01.12"]
[Round "8"]
[Board "1"]
[White "Rozentalis, Eduardas"]
[Black "Balogh, Csaba"]
[Result "1/2-1/2"]
[WhiteElo "2545"]
[BlackElo "2586"]
[PlyCount "65"]
[EventDate "2019.10.10"]
[EventType "team"]
[EventRounds "11"]
[EventCountry "AUT"]
[WhiteTeam "SK Hohenems"]
[BlackTeam "Spg. Sallegger Tech. Fuerstenfeld/Hartber"]

1.e4 e5 2.Nf3 Nc6 3.Nc3 Nf6 4.d4 exd4 5.Nxd4 Bb4 6.Nxc6 bxc6 7.Bd3 O-O 8.O-O d5 9.exd5
cxd5 10.Qf3 c6 11.h3 Re8 12.Bg5 h6 13.Bxf6 Qxf6 14.Qxf6 gxf6 15.Ne2 Bd6 16.Rad1 Rb8
17.b3 Be6 18.Nd4 c5 19.Nf5 Bf8 20.Ne3 d4 21.Nc4 Bxc4 22.Bxc4 Bd6 23.Rfe1 Kf8 24.g3
Rxe1+ 25.Rxe1 Re8 26.Rxe8+ Kxe8 27.f4 Ke7 28.Kf2 f5 29.Bd5 Bc7 30.Ke2 Ba5 31.Kd3 Be1
32.Kc4 Kd6 33.g4 1/2-1/2

[Event "1. Bundesliga 2019/2020"]
[Site "Blumenhalle, St. Veit/Glan"]
[Date "2020.01.12"]
[Round "8"]
[Board "2"]
[White "Korpa, Bence"]
[Black "Schneider, Ilja"]
[Result "1/2-1/2"]
[WhiteElo "2546"]
[BlackElo "2486"]
[PlyCount "68"]
[EventDate "2019.10.10"]
[EventType "team"]
[EventRounds "11"]
[EventCountry "AUT"]
[WhiteTeam "Spg. Sallegger Tech. Fuerstenfeld/Hartber"]
[BlackTeam "SK Hohenems"]

1.Nf3 d5 2.g3 Nd7 3.d4 b5 4.Nc3 c6 5.a3 Ngf6 6.Bg2 e6 7.O-O Be7 8.Nd2 Qb6 9.Nb3 a5
10.Bf4 Nh5 11.Be3 O-O 12.Bf3 Nhf6 13.Nc1 Ba6 14.Nd3 b4 15.Na4 Qb7 16.Bg5 h6 17.Bxf6
Nxf6 18.Nac5 Qb6 19.Nxa6 Rxa6 20.axb4 axb4 21.Rxa6 Qxa6 22.e3 Ra8 23.b3 Qb6 24.Qe2
Ra2 25.Nc1 Ra8 26.Nd3 Bd6 27.Nb2 Ra2 28.Na4 Qb5 29.c4 Rxe2 30.cxb5 Rc2 31.Bd1 Rc1
32.Be2 Rc2 33.Bd1 Rc1 34.Be2 Rc2 1/2-1/2

[Event "1. Bundesliga 2019/2020"]
[Site "Blumenhalle, St. Veit/Glan"]
[Date "2020.01.12"]
[Round "8"]
[Board "3"]
[White "Atlas, Valery"]
[Black "Mesaros, Florian"]
[Result "1/2-1/2"]
[WhiteElo "2428"]
[BlackElo "2410"]
[PlyCount "119"]
[EventDate "2019.10.10"]
[EventType "team"]
[EventRounds "11"]
[EventCountry "AUT"]
[WhiteTeam "SK Hohenems"]
[BlackTeam "Spg. Sallegger Tech. Fuerstenfeld/Hartber"]

1.e4 e5 2.Nf3 Nc6 3.Bc4 Bc5 4.d3 Nf6 5.O-O d6 6.c3 a6 7.a4 Ba7 8.Na3 h6 9.Nc2 Ne7
10.Be3 Ng6 11.Bxa7 Rxa7 12.a5 O-O 13.Ne3 c6 14.Qc2 d5 15.Bb3 Be6 16.exd5 cxd5 17.d4
e4 18.Ne5 Ne7 19.f3 Nc6 20.Ba4 Qc7 21.Bxc6 bxc6 22.b4 exf3 23.gxf3 Bh3 24.Rf2 Re8
25.Nf5 Nh5 26.Kh1 f6 27.Ng4 Kh8 28.Rg1 Nf4 29.Nh4 h5 30.Qf5 hxg4 31.Qxf4 Qxf4 32.Ng6+
Kh7 33.Nxf4 g5 34.Nxh3 gxh3 35.f4 Re3 36.fxg5 fxg5 37.Rxg5 Rxc3 38.Rg3 Rc1+ 39.Rg1
Rxg1+ 40.Kxg1 Rg7+ 41.Kf1 Rg4 42.Rf3 Rxd4 43.Rxh3+ Kg6 44.Rc3 Rxb4 45.Rxc6+ Kf5 46.Rxa6
Rb2 47.Rh6 Ra2 48.a6 d4 49.Ke1 Kg5 50.Rd6 Rxh2 51.Rxd4 Ra2 52.Rd6 Kf5 53.Kd1 Ke5 54.Rg6
Kd5 55.Kc1 Kc5 56.Kb1 Ra4 57.Kb2 Kb5 58.Kb3 Rxa6 59.Rxa6 Kxa6 60.Kb4 1/2-1/2

[Event "1. Bundesliga 2019/2020"]
[Site "Blumenhalle, St. Veit/Glan"]
[Date "2020.01.12"]
[Round "8"]
[Board "4"]
[White "Poetz, Florian"]
[Black "Henrichs, Thomas"]
[Result "1/2-1/2"]
[WhiteElo "2422"]
[BlackElo "2455"]
[PlyCount "60"]
[EventDate "2019.10.10"]
[EventType "team"]
[EventRounds "11"]
[EventCountry "AUT"]
[WhiteTeam "Spg. Sallegger Tech. Fuerstenfeld/Hartber"]
[BlackTeam "SK Hohenems"]

1.e4 e5 2.Nf3 Nc6 3.Bb5 a6 4.Ba4 Nf6 5.O-O Be7 6.Re1 b5 7.Bb3 d6 8.c3 O-O 9.h3 Bb7
10.d4 Re8 11.a4 h6 12.Nbd2 Bf8 13.Bc2 Nb8 14.Bd3 c6 15.b3 Nbd7 16.Bb2 g6 17.Qc2 Nh5
18.Bf1 Rc8 19.axb5 axb5 20.c4 exd4 21.Nxd4 b4 22.N4f3 c5 23.g3 Bg7 24.Bg2 Bxb2 25.Qxb2
Ng7 26.Nh2 h5 27.h4 Ne5 28.Re3 Nc6 29.Nhf3 Ra8 30.Rae1 Ne5 1/2-1/2

[Event "1. Bundesliga 2019/2020"]
[Site "Blumenhalle, St. Veit/Glan"]
[Date "2020.01.12"]
[Round "8"]
[Board "5"]
[White "Baenziger, Fabian"]
[Black "Freitag, Manfred"]
[Result "1/2-1/2"]
[WhiteElo "2409"]
[BlackElo "2356"]
[PlyCount "86"]
[EventDate "2019.10.10"]
[EventType "team"]
[EventRounds "11"]
[EventCountry "AUT"]
[WhiteTeam "SK Hohenems"]
[BlackTeam "Spg. Sallegger Tech. Fuerstenfeld/Hartber"]

1.Nf3 d5 2.d4 Nf6 3.c4 e6 4.g3 Be7 5.Bg2 O-O 6.O-O dxc4 7.Qc2 b6 8.Bg5 Nd5 9.Bxe7
Qxe7 10.Nbd2 b5 11.a4 c6 12.e4 Nb6 13.Rfe1 Na6 14.b3 Nb4 15.Qc3 a5 16.axb5 cxb5 17.bxc4
bxc4 18.Ne5 Bb7 19.Rec1 Rfc8 20.Qe3 c3 21.Nb3 c2 22.Nc5 f6 23.Ned3 e5 24.Nxb4 axb4
25.Rxa8 Bxa8 26.Qb3+ Kh8 27.Qxb4 exd4 28.Rxc2 Qc7 29.Qxd4 Nd7 30.Bh3 Ne5 31.Qe3 Rd8
32.Rc1 Qb6 33.Bg2 h6 34.Qb3 Qa5 35.h3 Qd2 36.Qc3 Qa2 37.Ra1 Qe2 38.Re1 Qa2 39.Qa1
Qd2 40.Qc1 Qa2 41.Qc3 Bc6 42.Ra1 Qe2 43.Re1 Qa2 1/2-1/2